Paryaavaran sanrakshan: vikaas evan pradushan kai bichh sangharsh (Record no. 508078)

000 -LEADER
fixed length control field 00487nam a22001697a 4500
008 - FIXED-LENGTH DATA ELEMENTS--GENERAL INFORMATION
fixed length control field 190307b ||||| |||| 00| 0 eng d
100 ## - MAIN ENTRY--PERSONAL NAME
Personal name Kumar, Shashi Bhushan
245 ## - TITLE STATEMENT
Title Paryaavaran sanrakshan: vikaas evan pradushan kai bichh sangharsh
260 ## - PUBLICATION, DISTRIBUTION, ETC. (IMPRINT)
Date of publication, distribution, etc 2018
300 ## - PHYSICAL DESCRIPTION
Extent p.71-89.
650 ## - SUBJECT ADDED ENTRY--TOPICAL TERM
Topical term or geographic name as entry element Pollution
9 (RLIN) 3123
650 ## - SUBJECT ADDED ENTRY--TOPICAL TERM
Topical term or geographic name as entry element Economic development
9 (RLIN) 3124
700 ## - ADDED ENTRY--PERSONAL NAME
Personal name Gautam, Shwetambu
9 (RLIN) 3125
773 ## - HOST ITEM ENTRY
Main entry heading Lok Prashasan
906 ## - LOCAL DATA ELEMENT F, LDF (RLIN)
Subject DIP Environmental protection
942 ## - ADDED ENTRY ELEMENTS (KOHA)
Item type Articles
Holdings
Withdrawn status Lost status Source of classification or shelving scheme Damaged status Not for loan Permanent location Current location Date acquired Serial Enumeration / chronology Barcode Date last seen Koha item type
          Indian Institute of Public Administration Indian Institute of Public Administration 2019-03-07 10(2), Jul-Dec, 2018: p.71-89. AR119177 2019-03-07 Articles

Powered by Koha